000 00756nam a2200217 a 4500
001 BRCA_4587
005 20190320204727.0
008 240910s1916----mx-#######---#000-0#spa-#
041 _aspa
044 _amx
050 4 _aE405.1
_b.N68 1916
245 1 0 _aNota enviada por el Gobierno Constitucionalista al de la Casa Blanca
_bcon motivo de las incursiones de tropas americanas en territorio mexicano.
260 _aMéxico
_bCompañía Editora Mexicana
_c1916
300 _a19 p.
_c23 cm.
500 _aEstado físico: Cubierta deteriorada
500 _aCFG72
651 4 _aMéxico
_xHistoria
_yGuerra con Estados Unidos, 1845-1845
_911604
651 4 _aEstados Unidos
_xHistoria
_zGuerra con México, 1845-1848
_911605
902 _aGFM
942 _2lcc
_cB
999 _c4292
_d4292